000 00705nam a2200289Ia 4500
005 20260324150621.0
008 008 260324s9999 xx 000 0 eng d
020 _a9781003598909
037 _aEBOOK
040 _aCRL
040 _beng
040 _cCRL
041 _2eng
041 _aeng
084 _qCRL
100 _aL.G. Johnson
_91227031
245 0 _aGeneral T. Perronet Thompson, 1783–1869
245 0 _bHis Military, Literary and Political Campaigns
260 _bTaylor and Francis
260 _c1957
365 _a
365 _b145
856 _uhttp://www.taylorfrancis.com/books/9781003598909
942 _cEBOOK
999 _c1836803
_d1836803